| 000 | 00338nam a22001337a 4500 | ||
|---|---|---|---|
| 008 | 180911b xxu||||| |||| 00| 0 eng d | ||
| 020 | _a9780323003520 | ||
| 041 | _aeng | ||
| 080 | _a610.73 | ||
| 100 | _a2 | ||
| 101 | _aINF | ||
| 245 |
_aAdvanced Practice Nursing In Psychiatric And Mental Health C _c Shea.C.A |
||
| 942 |
_2udc _cBK |
||
| 999 |
_c47673 _d47673 |
||